书目信息 |
| 书名: | Essentials of Economics | |
| 作者: | Bradley R.Schiller. | |
| 分册号: | ||
| 分册名: | 出版地: | New York : |
|
| 出版社: | McGraw-Hill, Inc | |
| 出版时间: | 1993. | |
| 页数: | 368 p. ; | |
| 开本: | 29cm. | |
| 丛书名: | ||
| 中图分类号: | ||
| 科图分类号: | ||
| 其他分类号: | F01 | |
| 主题词: | ||
| 电子资源: | ||
| 000 | 00397nam 2200145 a 4500 | |
| 001 | E0140390010 | |
| 005 | 2001120311130957 | |
| 008 | 011203s1993 00010 eng | |
| 020 | @a0-07-056294-6 :@cRMB 12.00. | |
| 040 | @aPFT@beng | |
| 090 | @aF01 | |
| 099 | @dF01@eS334 | |
| 245 | @aEssentials of Economics / @cBradley R.Schiller. | |
| 260 | @aNew York :@bMcGraw-Hill, Inc.,@c1993. | |
| 300 | @a368 p. ;@c29cm. | |
| Essentials of Economics / / Bradley R.Schiller.-New York : : McGraw-Hill, Inc., , 1993. |
| 368 p. ; ; 29cm. |
| ISBN 0-07-056294-6 :RMB 12.00. |
| ● |
| 相关链接 |
|
|
|
正题名:Essentials of Economics
索取号:F01/S334
 
预约/预借
| 序号 | 登录号 | 条形码 | 馆藏地/架位号 | 状态 | 备注 |
| 1 | 0439 | 300004395 | 社科库409/400A自科库 15排2列4层/ [索取号:F01/S334] | 在馆 |